000 00615nam a22002177a 4500
001 11921
003 BD-RjUL
005 20211208235214.0
008 140127b1959 nyu||||| |||| 00| 0 eng d
035 _a11970(BD-RjUL)
040 _aBD-RjUL
_beng
_cBD-RjUL
_dBD-RjUL
041 _aeng
082 _216
_a572
_bWHE 1959
100 _aWhite, Leslie A.
_936958
245 _aThe evolotion of culthure /
_bthe development of civilization to the fall rome
260 _aNewYork :
_bMcgraw -hill book company ,
_c1959.
300 _a378p. :
_c22cm.
500 _aIncludes index.
650 _2culture
942 _2ddc
_cBK
999 _c11921
_d11921